Minecraft. Программируй свой мир: пер. с англ.

Bibliographic Details
Main Author: Вэйл Д. Дэвид
Other Authors: О'Хэнлон М. Мартин
Summary:В ваших руках не просто книга, а счастливый билет в удивительный мир Minecraft и программирования. Возможности творчества в компьютерном мире безграничны. Эта книга специально написана для тех, кто не только любит играть, но и хочет создавать что-то новое. Вы с легкостью освоите программирование, просто играя в Minecraft. В этом вам помогут простые пошаговые инструкции, позволяющие не только написать программу на Python, но и построить дом, фантастическое сооружение или даже ЗВ-копировальную машину. Вы сможете создавать собственные интерактивные игры, заниматься поиском сокровищ и даже возводить не­вероятные гигантские 2D- и ЗЭ-объекты (сферы и пирамиды). Все в ваших силах — постройте работающие огромные Minecraft-часы, спланируйте нападение инопланетян и даже сражение.Навыки программирования, полученные в этой книге, позволят вам раскрыть невероятные возможности Minecraft, недоступные вашим друзьям и знакомым.
Language:Russian
Published: Санкт-Петербург, Питер, 2016
Series:Вы и ваш ребенок
Subjects:
Format: MixedMaterials Book
KOHA link:https://koha.lib.tpu.ru/cgi-bin/koha/opac-detail.pl?biblionumber=312678

MARC

LEADER 00000nam0a2200000 4500
001 312678
005 20231102002516.0
010 |a 9785496019828 
035 |a (RuTPU)RU\TPU\book\338048 
090 |a 312678 
100 |a 20151225d2016 m y0rusy50 ca 
101 1 |a rus  |c eng 
102 |a RU 
105 |a a z 001zy 
200 1 |a Minecraft. Программируй свой мир  |e пер. с англ.  |f Д. Вэйл, М. О'Хэнлон 
210 |a Санкт-Петербург  |c Питер  |d 2016 
215 |a 221 с.  |c ил. 
225 1 |a Вы и ваш ребенок 
330 |a В ваших руках не просто книга, а счастливый билет в удивительный мир Minecraft и программирования. Возможности творчества в компьютерном мире безграничны. Эта книга специально написана для тех, кто не только любит играть, но и хочет создавать что-то новое. Вы с легкостью освоите программирование, просто играя в Minecraft. В этом вам помогут простые пошаговые инструкции, позволяющие не только написать программу на Python, но и построить дом, фантастическое сооружение или даже ЗВ-копировальную машину. Вы сможете создавать собственные интерактивные игры, заниматься поиском сокровищ и даже возводить не­вероятные гигантские 2D- и ЗЭ-объекты (сферы и пирамиды). Все в ваших силах — постройте работающие огромные Minecraft-часы, спланируйте нападение инопланетян и даже сражение.Навыки программирования, полученные в этой книге, позволят вам раскрыть невероятные возможности Minecraft, недоступные вашим друзьям и знакомым. 
606 1 |a Компьютерные игры  |2 stltpush  |3 (RuTPU)RU\TPU\subj\15174  |9 41441 
610 1 |a Minecraft 
610 1 |a компьютерное творчество 
610 1 |a двухмерные тела 
610 1 |a трехмерные модели 
610 1 |a анимация 
610 1 |a создание 
610 1 |a пошаговые инструкции 
675 |a 004.925.84  |v 4 
700 1 |a Вэйл  |b Д.  |g Дэвид 
701 1 |a О'Хэнлон  |b М.  |g Мартин 
801 1 |a RU  |b 63413507  |c 20151225 
801 2 |a RU  |b 63413507  |c 20160408  |g RCR 
900 |a Программирование 
942 |c BK 
959 |a 147/20151123  |d 1  |e 605,00  |f ЧЗТЛ:1